Biblioteca

Verbs meaning "Command" in the New Testament : (Registro nro. 50211)

Detalles MARC
000 -LÍDER
Campo fijo de descripción fija 011330000a22002050004500
001 - NÚMERO DE CONTROL
Campo de control 768714001
003 - IDENTIFICADOR DEL NÚMERO DE CONTROL
Campo de control CO-MdFUSB
005 - FECHA Y HORA DE LA ULTIMA TRANSACCIÓN
control field 20161124150726.0
008 - ELEMENTOS DE LONGITUD FIJA -- INFORMACIÓN GENERAL
Campo fijo de descripción fija -- Información general 161124s1998 sp ||||| |||| 00| 0 eng d
022 ## - NÚMERO INTERNACIONAL NORMALIZADO PARA PUBLICACIONES SERIADAS
Número Internacional Normalizado para Publicaciones Seriadas 0014-1437
040 ## - FUENTE DE CATALOGACIÓN
Agencia Catalogadora CO-MdFUSB
Idioma de catalogación spa
Agencia que realiza la transcripción CO-MdFUSB
Agencia que realiza la modificación CO-MdFUSB
041 ## - CÓDIGO DE IDIOMA
Código de idioma para texto/pista de sonido o título separado eng
100 1# - ASIENTO PRINCIPAL--NOMBRE PERSONAL
Nombre personal Makujina, John
Término relacionador autor
245 10 - TÍTULO
Título Verbs meaning "Command" in the New Testament :
Subtitulo determining the factors involved in the choice of command-verbs
300 ## - DESCRIPCIÓN FÍSICA
Extensión Volumen 56. Número 3 (1998), Páginas 357-369
Dimensiones 23 cm.
520 ## - NOTA DE RESUMEN, ETC.
Nota de sumario, etc. Los autores del NT disponían de una serie de verbos griegos para expresar la idea de "mandar". Su criterio de selección demuestra la posible influencia de varios factores. La variables pueden obedecer a distinciones semánticas, relaciones sintagmáticas y, quizá, connotaciones socio-religiosas. En la elección de los verbos de mando se reflejan ciertas tendencias, preferencias y peculiaridades de los autores neo testamentarios.
546 ## - NOTA DE IDIOMA
Nota de idioma Texto en Inglés
773 0# - ASIENTO DE ITEM FUENTE
Título Estudios Bíblicos
Biblionumber 49452
Itemnumber 60472
Parte(s) relacionada(s) / Volumen., número. (mes año), páginas Volumen 56. Número 3 (1998), Páginas 357-369
Enumeración y primera página Página 357
942 ## - TIPO DE MATERIAL (KOHA)
Tipo de Item KOHA Artículos de Revista
Existencias
Expurgo - (Retirado) Estado de Perdido Estado de Dañado No prestable Colección Ubicación habitual Ubicación actual Fecha de Adquisición Signatura Topográfica Tipo de Material
        Colección de Hemeroteca Biblioteca FUSBC Biblioteca FUSBC 26/01/2016 Artículos de Revista

Biblioteca FUSBC | Teléfono: (57+4) 349 88 10 Ext. 141| WhatsApp (+57) 3005338115 
E-mail: biblioteca@unisbc.edu.co | Calle 76 87-14 Robledo Palenque, Medellín, Colombia

Con tecnología Koha